000 00239nam a2200097Ia 4500
001 803218
005 20250826171110.0
008 250824s9999 xx 000 0 und d
245 0 _aHİPER CEMİL
_cMUSTAFA KEMAL ÇELİK
260 _bGENÇ HAYAT
999 _c803218
_d803218